01314nam a2200289Ia 4500001001200000003000800012006001900020007001500039008004100054020001500095040002100110035002000131050002300151082001400174110006700188245024800255260005500503300002400558504005200582533015200634650001500786651003400801655002900835710001700864856012600881999001701007ebr10055416CaPaEBRm u cr cn|||||||||890801s1989 dcua sb 000 0 eng d z0309040825 aCaPaEBRcCaPaEBR a(OCoLC)7077276014aQB521b.N37 1989eb04a523.72202 aNational Research Council (U.S.).bCommittee on Solar Physics.14aThe field of solar physicsh[electronic resource] :breview and recommendations for ground-based solar research : report of the Committee on Solar Physics, Commission on Physical Sciences, Mathematics, and Resources, National Research Council. aWashington, D.C. :bNational Academy Press,c1989. aviii, 64 p. :bill. aIncludes bibliographical references (p. 60-64). aElectronic reproduction.bPalo Alto, Calif. :cebrary,d2013.nAvailable via World Wide Web.nAccess may be limited to ebrary affiliated libraries. 0aAstronomy. 0aSunxResearchzUnited States. 7aElectronic books.2local2 aebrary, Inc.40uhttp://site.ebrary.com/lib/rucke/Doc?id=10055416zAn electronic book accessible through the World Wide Web; click to view c64820d64820